| 000 | 00467nam a2200169Ia 4500 | ||
|---|---|---|---|
| 008 | 240729s9999 xx 000 0 und d | ||
| 022 | _a1178-6329 | ||
| 245 | 0 | _aHealth Services Insights | |
| 260 | _aUnited Kingdom | ||
| 260 | _bSAGE Publishing | ||
| 650 | _a Medicine (General) | Medicine | ||
| 650 | _a Public aspects of medicine | ||
| 650 | _aMedicine | ||
| 856 | _uhttps://doaj.org/toc/66d0a7c164314d9ea34160c93bf8cccf | ||
| 942 | _2ddc | ||
| 942 | _cDOAJEJ | ||
| 999 |
_c67809 _d67809 |
||
| 945 |
_a1 _bMadushi Gamage _c1 _dMadushi Gamage |
||